Statistics for Ethnic Groups General Knowledge

Click here to take the quiz!

General Stats

  • This quiz has been taken 233 times
  • The average score is 13 of 20

Answer Stats

QuestionAnswer% Correct
What major ethnic group includes Ukrainians, Czechs and Serbs?Slavs
90%
In what countries did Hutus and Tutsis have a bloody conflict with each other?Rwanda
88%
What nomadic group originated from India but now live mostly in Europe?Romani
85%
The Turkic people of Tatars, are mostly found in which country?Russia
83%
What group of France and Spain are unrelated to any other people in Europe?Basques
82%
To what ethnic group does 18% of the world population belong?Han Chinese
81%
What country do the majority of the people in United Arab Emirates come from?India
78%
What is an alternative term for the Hungarian people?Magyars
77%
To what ethnic group did Nelson Mandela belong?Xhosa
72%
In what countries did Hutus and Tutsis have a bloody conflict with each other?Burundi
71%
What African tribe in Tanzania and Kenya center their life around cattle herding?Maasai
65%
The word Afghan is synonymous with what ethnic group in South Asia?Pashtuns
60%
What ethnic group of hill people in Indochina emigrated in large numbers to
the U.S. after the Vietnamese War?
Hmong
58%
To what country did a major wave of Turkish workers immigrate in the 1960's?West Germany
58%
What Celtic ethnic group that originated in Isle of Man have Norse and
English influences in their native culture?
Manx
53%
Which people were the main founders of the Inca Empire?Quechua
53%
What indigenous peoples have traditionally inhabited the northern circumpolar region from
eastern Siberia to Alaska, Canada, and Greenland?
Eskimo
48%
What Chadic group starting with H, live mostly between the borders of Nigeria and Niger?Hausa
44%
Now what country is the most diverse, both ethnically and culturally?Papua New Guinea
37%
What is the most homogeneous country in terms of ethnic and cultural diversity?North Korea
36%

Score Distribution

Percentile by Number Answered

Percent of People with Each Score

Your Score History

You have not taken this quiz